Funciones ejecutivas: unidad-diversidad y trayectorias del desarrollo (Record no. 174448)
[ view plain ]
| 000 -CABECERA | |
|---|---|
| campo de control de longitud fija | 01869nab a2200313 a 4500 |
| 005 - FECHA Y HORA DE LA ÚLTIMA TRANSACCIÓN | |
| campo de control | 20210219162341.0 |
| 008 - ELEMENTOS DE LONGITUD FIJA--INFORMACIÓN GENERAL | |
| campo de control de longitud fija | 991125s1985 mx 000 0 spa u |
| 035 ## - NÚMERO DE CONTROL DEL SISTEMA | |
| Número de control de sistema | UPN01000202347 |
| 049 ## - COLECCIÓN | |
| Colección | ART-E |
| 100 1# - ASIENTO PRINCIPAL--NOMBRE PERSONAL | |
| Nombre de persona | Bausela Herreras, Esperanza |
| 100 1# - ASIENTO PRINCIPAL--NOMBRE PERSONAL | |
| Filiación | esperanza.bausela@unir.net |
| 222 #0 - TÍTULO CLAVE | |
| Título clave | ACCION PSICOLOGICA |
| 245 00 - MENCIÓN DE TÍTULO | |
| Título | Funciones ejecutivas: unidad-diversidad y trayectorias del desarrollo |
| 260 ## - PUBLICACIÓN, DISTRIBUCIÓN, ETC. | |
| Lugar de publicación, distribución, etc. | España |
| 300 ## - DESCRIPCIÓN FÍSICA | |
| Extensión | 35-44 |
| 362 0# - FECHAS DE PUBLICACIÓN Y/O DESIGNACIÓN SECUENCIAL | |
| Fecha de publicación y/o designación secuencial | 2014 Vol. 11, no. 1 |
| 336 ## - TIPO DE CONTENIDO | |
| Término de tipo de contenido | texto$2rdacontent |
| 337 ## - TIPO DE MEDIO | |
| Nombre/término del tipo de medio | computadora$2rdamedia |
| 338 ## - TIPO DE SOPORTE | |
| Nombre/término del tipo de soporte | recurso en linea$2rdacarrier |
| 520 3# - NOTA DE RESUMEN, ETC. | |
| Sumario, etc. | La presente revisión teórica tiene como objetivo profundizar en el estudio del desarrollo de las funciones ejecutivas, en concreto, en el análisis de las trayectorias del desarrollo de las diversas dimensiones que lo integran (inhibición, memoria de trabajo y flexibilidad), según el modelo propuesto por Miyake y colaboradores. Un segundo objetivo es tratar de conocer si en su evolución sigue la forma de una U invertida –con un ascenso inicial, un crecimiento moderado y un descenso con el transcurso de los años–; finalmente, profundizar en posibles líneas de investigación relacionadas con el las trayectorias y mecanismos que se siguen en su desarrollo. Concluimos considerando la importancia de desarrollar estudios con técnicas de neuroimagen que nos permitan completar y seguir ahondando en el estudio de un proceso cognitivo de orden superior que sigue siendo un gran desconocido en los estudios ontogenéticos. |
| 653 0# - TERMINO DE INDIZACION - NO CONTROLADO | |
| Término no controlado | FUNCIONES EJECUTIVAS |
| 653 0# - TERMINO DE INDIZACION - NO CONTROLADO | |
| Término no controlado | MEMORIA DE TRABAJO |
| 653 0# - TERMINO DE INDIZACION - NO CONTROLADO | |
| Término no controlado | INHIBICION |
| 653 0# - TERMINO DE INDIZACION - NO CONTROLADO | |
| Término no controlado | FLEXIBILIDAD |
| 653 0# - TERMINO DE INDIZACION - NO CONTROLADO | |
| Término no controlado | DESARROLLO ONTOGENETICO |
| 856 4# - LOCALIZACIÓN Y ACCESO ELECTRÓNICOS | |
| Identificador Uniforme del Recurso | <a href="http://revistas.uned.es/index.php/accionpsicologica/article/view/13790/12723">http://revistas.uned.es/index.php/accionpsicologica/article/view/13790/12723</a> |
| 905 ## - TIPO DE MATERIAL | |
| Tipo de material | Articulo |
No items available.
